000 01050nam a22002897a 4500
005 20220329141220.0
008 971010s1986 r 00010 d
010 _a64525
011 _a65497
035 _a72348
090 _aTesis
100 0 0 _aGuevara Fernández, Francisco Javier.
_951307
245 _aLimitaciones del seguro agrícola en el estado de Chihuahua
260 _aChihuahua, Chih. :
_bEl autor,
_c1986
300 _a56 h.
500 _aD97-111
502 _aTesis (Ing. Agr. Esp. en Zonas Aridas) -- UACH. Departamento de Zonas Aridas
590 _aALEPH
_b10
_c20130110
_lUCH01
_h1352
590 _aBATCH-UPD
_b10
_c20130110
_lUCH01
_h0628
590 _aBATCH-UPD
_b10
_c20130410
_lUCH01
_h0311
590 _aBATCH-UPD
_b10
_c20130914
_lUCH01
_h1555
590 _aCONVERSION
_b10
_c20130109
_lUCH01
_h1335
650 1 4 _aSeguro agrícola
_xChihuahua.
_9103696
790 _aOperatividad del crédito y seguro agrícola en el desarrollo agropecuario en el estado de Chihuahua
901 _aBK
949 _bZA
_cTES
_d-5050
_eTS1
_i72348
_si
999 _c64525
_d64525